000 00800nas a2200253Ia 4500
001 R706/49413
003 IT-RoPAU
008 151124c99999999xx |||||||||||| ||und||
040 _aIT-RoPAU
040 _cIT-RoPAU
041 _aITALIANO
100 _aVioli Patrizia
_gCodice Aut. SPICS: 637
210 _aVERSUS
222 _aVersus
245 _aVERSUS, N.006 (SETTEMBRE/DICEMBRE 1973)
_bLinguaggio di Lotta Continua (Il)
250 _a1a ed.
260 _aMILANO
_bBOMPIANI
_c1973
501 _bPaulus - SPICS - Società San Paolo EM (non-commercial uses only)
_cCopyright2015
300 _a22 p. [105-126]
362 _aN.006 (SETTEMBRE/DICEMBRE 1973)
500 _aPotere Operaio. Servire il Popolo. Lotta Continua.
650 _aSEMIOTICA
_vPUBBLICAZIONE PERIODICA
942 _cCR
999 _c187965
_d187965